000 00282nam a2200109 4500
008 160702b xxu||||| |||| 00| 0 eng d
100 _91834
_a Singh, S
245 _aEnglish Composition
260 _aNew Delhi
_bCommon Wealth
_c2004
300 _aEnglish Composition
942 _2ddc
_cBK
999 _c1538
_d1538